| 000 | 00374nam a22001457a 4500 | ||
|---|---|---|---|
| 005 | 20171026095808.0 | ||
| 008 | 171026b xxu||||| |||| 00| 0 eng d | ||
| 040 | _cPK-LaUMT | ||
| 082 |
_aPKAC 070.44 _bAAM-M |
||
| 100 | _aAmmarah Ahsaan | ||
| 245 |
_aMera ghar/ _cAmmarah Ahsaan |
||
| 260 |
_aراولپنڈی: _bمکتبہ عفت، _c2005 |
||
| 300 | _a168 ص | ||
| 942 | _cBK | ||
| 999 |
_c99512 _d99512 |
||